[Event "European Blitz 2022"]
[Site "Katowice POL"]
[Date "2022.12.16"]
[Round "8.70"]
[White "Solys, Laimutis"]
[Black "Lauda, Alexandr"]
[Result "0-1"]
[WhiteTitle "FM"]
[WhiteElo "2289"]
[BlackElo "2032"]
[WhiteFideId "12800368"]
[BlackFideId "13903179"]
[EventDate "2022.12.16"]

1. e4 c5 2. Nf3 Nc6 3. d4 cxd4 4. Nxd4 e5 5. Nb5 d6 6. c4 Be6 7. Bd3 Rc8 8. O-O
Nf6 9. b3 Be7 10. N5c3 O-O 11. Be3 a6 12. Nd5 Nd7 13. Nbc3 Bg5 14. Rc1 Bxe3 15.
Nxe3 Nd4 16. Ne2 Qg5 17. Bb1 Nxe2+ 18. Qxe2 Nf6 19. Rcd1 Rfd8 20. f3 Nh5 21. g3
Nf4 22. Qd2 b5 23. Kh1 Nh3 24. cxb5 axb5 25. Nd5 Qxd2 26. Rxd2 Kf8 27. Ne3 Ng5
28. h4 Bh3 29. Rff2 Rc1+ 30. Rd1 Rxd1+ 31. Nxd1 Ne6 32. Bd3 Nd4 33. Nc3 b4 34.
Nd5 Be6 35. Nxb4 Rc8 36. Nc2 Rc3 37. Nxd4 exd4 38. Rd2 d5 39. Kg2 Ke7 40. Kf2
Kd6 41. Ke2 dxe4 42. Bxe4 Ke5 43. Rc2 Re3+ 44. Kf2 f5 45. Bb7 f4 46. g4 d3 47.
Rd2 Kd4 48. Be4 Kc3 49. Rxd3+ Rxd3 50. Bxd3 Kxd3 51. g5 Kd2 52. h5 0-1

[Event "European Blitz 2022"]
[Site "Katowice POL"]
[Date "2022.12.16"]
[Round "8.71"]
[White "Vardanyan, Aras"]
[Black "Ziogas, Modestas"]
[Result "0-1"]
[WhiteTitle "CM"]
[WhiteElo "2271"]
[BlackElo "2098"]
[WhiteFideId "12808792"]
[BlackFideId "12803740"]
[EventDate "2022.12.16"]

1. e4 d5 2. exd5 Qxd5 3. Nf3 Bg4 4. Be2 Nc6 5. h3 Bh5 6. d4 O-O-O 7. c4 Qd7 8.
g4 Bg6 9. Be3 e6 10. Nc3 h5 11. g5 f6 12. Qa4 a6 13. O-O-O h4 14. Rhg1 Bh5 15.
a3 Kb8 16. d5 exd5 17. Nxd5 Qe8 18. gxf6 Nxf6 19. Nxf6 gxf6 20. Rd5 Bh6 21. Bxh6
Qxe2 22. Rxd8+ Rxd8 23. Nd2 Qxf2 24. Rf1 Qd4 25. Qb3 Ne5 26. Be3 Qd6 27. Kb1
Bg6+ 28. Ka2 Bd3 29. c5 Qe7 30. Rf4 Nc6 31. Bf2 Na5 32. Qc3 Qe6+ 33. b3 Nc6 34.
Rxf6 Qe2 35. Bxh4 Bb5 36. Rf2 Qe1 37. a4 Bxa4 38. bxa4 Re8 39. Rf8 Qe6+ 0-1

[Event "European Blitz 2022"]
[Site "Katowice POL"]
[Date "2022.12.16"]
[Round "8.72"]
[White "Chyzy, Jakub"]
[Black "Karvatskyi, Oleksii"]
[Result "1-0"]
[WhiteTitle "FM"]
[WhiteElo "2247"]
[BlackElo "1995"]
[WhiteFideId "21806209"]
[BlackFideId "14191059"]
[EventDate "2022.12.16"]

1. b3 e5 2. Bb2 Nc6 3. e3 a6 4. f4 exf4 5. exf4 d5 6. Nf3 Bg4 7. Be2 Nf6 8. O-O
Be7 9. Ne5 Bxe2 10. Qxe2 Nxe5 11. fxe5 Ne4 12. d3 Ng5 13. Nd2 c5 14. Qh5 O-O 15.
Nf3 Ne6 16. Rae1 Rc8 17. Kh1 d4 18. Bc1 Qd5 19. Re4 f5 20. Re2 b5 21. Nh4 Bxh4
22. Qxh4 c4 23. Ba3 Rf7 24. Bd6 cxd3 25. cxd3 Rc3 26. Qh3 Nf4 27. Qh4 Ne6 28.
Rd2 g6 29. h3 Kg7 30. Re1 Qc6 31. Be7 h6 32. Bf6+ Kh7 33. Qg3 Rc2 34. Rxc2 Qxc2
35. Qf3 Qd2 36. Rd1 Qxa2 37. Qd5 Qe2 38. Qxe6 Qxd1+ 39. Kh2 Kg8 1-0

[Event "European Blitz 2022"]
[Site "Katowice POL"]
[Date "2022.12.16"]
[Round "8.73"]
[White "Paehtz, Elisabeth"]
[Black "Kondys, Piotr"]
[Result "1/2-1/2"]
[WhiteTitle "GM"]
[WhiteElo "2464"]
[BlackElo "1905"]
[WhiteFideId "4641833"]
[BlackFideId "21885575"]
[EventDate "2022.12.16"]

1. d4 d5 2. Bf4 Nf6 3. e3 c5 4. c3 Nc6 5. Nd2 e6 6. Ngf3 cxd4 7. exd4 Nh5 8. Be3
Bd6 9. g3 f5 10. Ne5 Nf6 11. Nd3 O-O 12. Bg2 Bd7 13. O-O Kh8 14. Re1 e5 15. dxe5
Nxe5 16. Nxe5 Bxe5 17. Nf3 Bc7 18. Qd2 Bb6 19. Bxb6 Qxb6 20. Rab1 Rae8 21. Rxe8
Rxe8 22. Qd4 Qa6 23. Ne5 Qxa2 24. Rd1 Bc6 25. b4 a6 26. h3 Qe2 27. Nf7+ Kg8 28.
Nd6 Re6 29. Nxf5 g6 30. Ne3 Ne4 31. Bxe4 Rxe4 32. Qd3 Rxe3 33. fxe3 Qf3 34. Rd2
Qxg3+ 35. Rg2 Qe1+ 36. Kh2 d4 37. Qc4+ Kf8 38. Qc5+ Kg8 39. Qc4+ Kf8 40. Qc5+
Kg8 41. Qc4+ Kf8 1/2-1/2

[Event "European Blitz 2022"]
[Site "Katowice POL"]
[Date "2022.12.16"]
[Round "8.74"]
[White "Krainski, Aleksander"]
[Black "Gretarsson, Helgi Ass"]
[Result "1-0"]
[WhiteTitle "FM"]
[BlackTitle "GM"]
[WhiteElo "2046"]
[BlackElo "2451"]
[WhiteFideId "1102400"]
[BlackFideId "2300699"]
[EventDate "2022.12.16"]

1. d4 g6 2. Nf3 Bg7 3. e3 d6 4. Be2 Nd7 5. O-O e5 6. c4 Ne7 7. Nc3 O-O 8. dxe5
dxe5 9. e4 h6 10. Be3 f5 11. Nd5 Nc6 12. g3 Nf6 13. exf5 gxf5 14. Nh4 Be6 15.
Qb3 Nxd5 16. cxd5 Bxd5 17. Bc4 Bxc4 18. Qxc4+ Kh7 19. Rad1 Qe8 20. Qc2 Qe6 21.
Rfe1 e4 22. Bf4 Rf7 23. a3 Bf6 24. Ng2 Nd4 25. Qc5 Nf3+ 26. Kh1 Nxe1 27. Rxe1
Bxb2 28. Ne3 b6 29. Qb4 Bg7 30. Rc1 c5 31. Qb5 Rd8 32. h4 Bd4 33. a4 Bxe3 34.
Bxe3 Rfd7 35. Kg2 Rd1 36. Qa6 Rxc1 37. Bxc1 Rd7 38. Bf4 Qb3 39. Be3 Qd1 40. Qc8
Qd5 41. Qf8 Qe6 42. Qa8 Rc7 43. Qf8 c4 44. Bd4 c3 45. h5 Qg8 46. Qxf5+ 1-0

[Event "European Blitz 2022"]
[Site "Katowice POL"]
[Date "2022.12.16"]
[Round "8.75"]
[White "Asllani, Muhamet"]
[Black "Rozman, Monika"]
[Result "0-1"]
[BlackTitle "WFM"]
[WhiteElo "2228"]
[BlackElo "2125"]
[WhiteFideId "22100300"]
[BlackFideId "14609118"]
[EventDate "2022.12.16"]

1. e4 e5 2. Nf3 Nc6 3. d4 exd4 4. Bc4 Bc5 5. c3 Nf6 6. cxd4 Bb4+ 7. Bd2 Bxd2+ 8.
Nbxd2 d5 9. exd5 Nxd5 10. O-O O-O 11. h3 Be6 12. Re1 Re8 13. Ne4 Nf6 14. Bxe6
Rxe6 15. Nc5 Rxe1+ 16. Qxe1 Nxd4 17. Nxd4 Qxd4 18. Nxb7 Rb8 19. Na5 Rxb2 20. Nc6
Qd2 21. Qf1 h5 22. Nxa7 Ne4 23. Rd1 Qxf2+ 24. Qxf2 Nxf2 25. Rd8+ Kh7 26. a4 Ne4
27. h4 Nf6 28. Nb5 Ng4 29. g3 Ra2 30. Ra8 Nf6 31. Nxc7 Ne4 32. a5 Nxg3 33. a6
Ne2+ 34. Kf2 Nd4+ 35. Ke3 Nc6 36. Rf8 f6 37. Ke4 Ra4+ 38. Kf5 Nd4+ 0-1

[Event "European Blitz 2022"]
[Site "Katowice POL"]
[Date "2022.12.16"]
[Round "8.76"]
[White "De Filomeno, Simone"]
[Black "Kushnir, Oleg"]
[Result "1-0"]
[WhiteTitle "IM"]
[WhiteElo "2450"]
[BlackElo "1554"]
[WhiteFideId "828688"]
[BlackFideId "148062099"]
[EventDate "2022.12.16"]

1. d4 d5 2. c4 c6 3. Nf3 Nf6 4. Nbd2 e6 5. g3 Be7 6. Bg2 O-O 7. O-O b6 8. Qc2
Bb7 9. e4 dxe4 10. Nxe4 Nxe4 11. Qxe4 Nd7 12. Rd1 Qc8 13. Qc2 Nf6 14. c5 Rd8 15.
Bg5 h6 16. Bxf6 Bxf6 17. Ne5 Qc7 18. f4 bxc5 19. Qxc5 Bxe5 20. dxe5 Qb6 21. b4
Rxd1+ 22. Rxd1 Rd8 23. Rd6 Rc8 24. Rd7 Qxc5+ 25. bxc5 Rb8 26. Be4 Kf8 27. Kf2
Ke8 28. Rxb7 Rxb7 29. Bxc6+ Rd7 30. Ke3 Kd8 31. Bxd7 Kxd7 32. Kd4 Kc6 33. Kc4 f6
34. Kb4 fxe5 35. fxe5 a6 36. a4 Kd5 37. Ka5 Kxc5 38. Kxa6 Kd5 39. Kb6 Kxe5 40.
a5 Kd4 41. a6 e5 42. a7 e4 43. a8=Q e3 44. Qe8 Kd3 45. Qd7+ Kc2 46. Qc6+ Kd2 47.
Qd5+ Kc2 48. Qc4+ Kd2 49. Qd4+ Ke2 50. Kc5 Kf3 51. Qf4+ Ke2 52. Kd4 1-0

[Event "European Blitz 2022"]
[Site "Katowice POL"]
[Date "2022.12.16"]
[Round "8.77"]
[White "Caprino, Marco"]
[Black "Thorfinnsson, Bjorn"]
[Result "0-1"]
[BlackTitle "IM"]
[WhiteElo "2074"]
[BlackElo "2374"]
[WhiteFideId "841323"]
[BlackFideId "2300982"]
[EventDate "2022.12.16"]

1. e4 e5 2. Nf3 Nc6 3. d4 exd4 4. Bc4 Bc5 5. c3 Nf6 6. e5 d5 7. Bb5 Nd7 8. cxd4
Bb6 9. Bxc6 bxc6 10. O-O O-O 11. Qc2 c5 12. dxc5 Nxc5 13. h3 Bb7 14. Be3 Ne4 15.
Nc3 Nxc3 16. bxc3 c5 17. a4 d4 18. cxd4 cxd4 19. Bg5 Qd7 20. a5 Bc7 21. Qb3 Bxf3
22. Qxf3 Bxe5 23. Rab1 a6 24. Rb7 Qa4 25. Be7 Rfe8 26. Qd5 Bb8 27. Bc5 Re6 28.
Rfb1 Be5 29. Rxf7 Kxf7 30. Rb7+ Kf6 31. Qf3+ Kg6 32. Qf7+ Kh6 33. g4 Qd1+ 34.
Kg2 Rg6 35. Qf5 Rg5 36. Qe6+ Bf6 37. Rb6 Rd8 38. Be7 Re8 39. Qf7 Rxg4+ 40. hxg4
Qxg4+ 41. Kf1 Qh3+ 42. Kg1 Qg4+ 43. Kf1 Qd1+ 44. Kg2 Qg4+ 45. Kf1 Qh3+ 46. Kg1
Qg4+ 47. Kf1 Rc8 48. Rb1 Rc7 49. Qf8 Rxe7 50. Qb8 Qh3+ 51. Kg1 d3 52. Qf4+ Bg5
53. Rb6+ g6 54. Qf8+ Rg7 55. Rb7 Qg4+ 56. Kh1 Bf6 57. Qxf6 Rxb7 58. Qf8+ Kh5 59.
Qc5+ Qg5 0-1

[Event "European Blitz 2022"]
[Site "Katowice POL"]
[Date "2022.12.16"]
[Round "8.78"]
[White "Dubnevych, Maksym"]
[Black "Karolczuk, Iwo"]
[Result "1-0"]
[BlackTitle "FM"]
[WhiteElo "2139"]
[BlackElo "2327"]
[WhiteFideId "14184001"]
[BlackFideId "21816972"]
[EventDate "2022.12.16"]

1. d4 Nf6 2. Nc3 d5 3. Bf4 a6 4. e3 Bf5 5. Nf3 e6 6. Ne5 Nbd7 7. g4 Bg6 8. h4 h5
9. Nxg6 fxg6 10. g5 Ng8 11. Bh3 Kf7 12. Qf3 Ke7 13. e4 Nb6 14. O-O Kd7 15. exd5
Kc8 16. Bxe6+ Kb8 17. a4 Ne7 18. a5 Nc4 19. Ra4 Nd6 20. Rb4 Nef5 21. Bxf5 gxf5
22. Rb3 Ka7 23. Na4 Nb5 24. c4 Nd6 25. c5 Nb5 26. c6 Rb8 27. Nc3 Nxd4 28. Be3
Bc5 29. Bxd4 Bxd4 30. Rxb7+ Rxb7 31. cxb7 Qd6 32. Ne2 Bc5 33. Rc1 Re8 34. b4
Bxb4 35. Rc6 Qe5 36. Kf1 Qh2 37. Qg2 Qxg2+ 38. Kxg2 Rxe2 39. Rxc7 Bxa5 40. Rxg7
Bb6 41. d6 Rxf2+ 42. Kg3 f4+ 43. Kh3 Rf3+ 44. Kg2 Rg3+ 45. Kh2 Rd3 46. d7 f3 47.
Rf7 f2 48. g6 Rxd7 49. g7 Rxf7 50. b8=Q+ Kxb8 51. g8=Q+ Kb7 52. Qxf7+ Kc6 53.
Kg2 a5 54. Qxh5 a4 55. Qf3+ Kb5 56. h5 Kb4 57. h6 a3 58. h7 Bd4 59. Qe4 Kc4 60.
Qxd4+ 1-0

[Event "European Blitz 2022"]
[Site "Katowice POL"]
[Date "2022.12.16"]
[Round "8.79"]
[White "Rog, Bartlomiej"]
[Black "Diermair, Andreas"]
[Result "0-1"]
[BlackTitle "GM"]
[WhiteElo "1969"]
[BlackElo "2446"]
[WhiteFideId "21857377"]
[BlackFideId "1612468"]
[EventDate "2022.12.16"]

1. Nf3 d5 2. c4 d4 3. b4 g5 4. Bb2 Bg7 5. e3 e5 6. exd4 exd4 7. d3 g4 8. Nfd2
Nc6 9. b5 Ne5 10. Be2 h5 11. Nb3 Ng6 12. O-O N8e7 13. f3 Nf5 14. Bc1 Qh4 15. Qe1
g3 16. h3 O-O 17. Na3 Re8 18. Nc2 a5 19. a4 b6 20. Qd1 Ne3 21. Bxe3 dxe3 22. f4
Bxh3 23. gxh3 Qxh3 0-1

[Event "European Blitz 2022"]
[Site "Katowice POL"]
[Date "2022.12.16"]
[Round "8.80"]
[White "Sliwicki, Damian"]
[Black "Kirk, Ezra"]
[Result "1-0"]
[WhiteTitle "CM"]
[BlackTitle "IM"]
[WhiteElo "2158"]
[BlackElo "2432"]
[WhiteFideId "1127128"]
[BlackFideId "600067"]
[EventDate "2022.12.16"]

1. e4 c5 2. Nf3 Nc6 3. Nc3 g6 4. d4 cxd4 5. Nxd4 Bg7 6. Be3 Nf6 7. Be2 O-O 8.
Nb3 a6 9. Qd2 b5 10. a3 Qc7 11. h4 h5 12. g4 hxg4 13. h5 gxh5 14. Bh6 Ne5 15.
Qg5 Ng6 16. Bxg7 Kxg7 17. Nd5 Nxd5 18. Rxh5 Qf4 19. Qxd5 Rb8 20. Rf5 Qc7 21.
O-O-O d6 22. Rh5 Bb7 23. Qd4+ e5 24. Qd2 Rh8 25. Rdh1 Bxe4 26. Rxh8 Rxh8 27.
Rxh8 Kxh8 28. Qh6+ Kg8 29. Bd1 Bf5 30. Qg5 Be6 31. Nd2 Qe7 32. Qe3 d5 33. Qb6 e4
34. Qxa6 Qc5 35. Qa8+ Kg7 36. Qb8 Qe7 37. Qxb5 Qf6 38. Qc5 Qe5 39. a4 Nf4 40. a5
Qb8 41. a6 Qa8 42. Qd4+ Kg6 43. a7 Bc8 44. Qb6+ Be6 45. Qb8 Qc6 46. a8=Q Nd3+
47. Kb1 Qc5 48. cxd3 Qxf2 49. Qb4 e3 50. Ne4 dxe4 51. Qaxe4+ Bf5 52. Qd6+ f6 53.
Qe8+ Kg5 54. Qg8+ Bg6 55. Qdd5+ f5 56. Qgd8+ Kh6 1-0

[Event "European Blitz 2022"]
[Site "Katowice POL"]
[Date "2022.12.16"]
[Round "8.81"]
[White "Larkin, Vladyslav"]
[Black "Niezhentsev, Kyrylo"]
[Result "0-1"]
[WhiteTitle "IM"]
[WhiteElo "2452"]
[BlackElo "2052"]
[WhiteFideId "14152894"]
[BlackFideId "34126660"]
[EventDate "2022.12.16"]

1. d4 Nf6 2. Nf3 b6 3. Nbd2 Bb7 4. e3 d5 5. Bd3 e6 6. Ne5 Bd6 7. f4 Nbd7 8. Qf3
c5 9. c3 g6 10. O-O Ng8 11. b3 f6 12. Nxd7 Qxd7 13. Bb2 f5 14. Qe2 Nf6 15. dxc5
bxc5 16. c4 Rf8 17. Nf3 Rd8 18. Rad1 Qc7 19. cxd5 Nxd5 20. Rc1 Qb6 21. Kh1 Bc6
22. Be5 Be7 23. e4 Nb4 24. Bc4 Bxe4 25. Nd2 Bd3 26. Bxd3 Nxd3 27. Rcd1 Nxe5 28.
fxe5 Qc6 29. Rc1 Kf7 30. Nc4 Rd4 31. b4 Kg7 32. Na5 Qd5 33. bxc5 Bxc5 34. Nb3
Re4 35. Qa6 Bb6 36. a4 Qxe5 37. a5 Be3 38. Rc2 Rh4 39. h3 Qe4 40. Rc7+ Kg8 41.
Rf3 Bf4 42. Qf1 Bxc7 43. Nc5 Qd5 44. Nd3 Rd4 45. Nf2 e5 46. Rc3 Bxa5 47. Rc1 e4
48. Nd1 Rd8 49. Ne3 Qf7 50. Qb5 Bd2 51. Nxf5 Qxf5 52. Qb3+ Qf7 53. Qa3 Bxc1 54.
Qa6 Rd1+ 0-1

[Event "European Blitz 2022"]
[Site "Katowice POL"]
[Date "2022.12.16"]
[Round "8.82"]
[White "Plaskan, Jure"]
[Black "Sop, Selen"]
[Result "1-0"]
[BlackTitle "WFM"]
[WhiteElo "2241"]
[BlackElo "1950"]
[WhiteFideId "14605252"]
[BlackFideId "6300278"]
[EventDate "2022.12.16"]

1. e4 c5 2. Nf3 d6 3. d4 cxd4 4. Nxd4 Nf6 5. Nc3 a6 6. Bc4 e6 7. a4 Nc6 8. Be3
Be7 9. O-O Rb8 10. Qe2 Bd7 11. Nxc6 Bxc6 12. a5 Qc8 13. f3 O-O 14. Rfd1 Re8 15.
Bb3 Bf8 16. Bf4 Rd8 17. Kh1 b5 18. axb6 Rxb6 19. Be3 Rb4 20. Qxa6 Bb7 21. Qa5 d5
22. Na2 Rxb3 23. cxb3 Rd6 24. e5 Ra6 25. Qc3 Qxc3 26. Nxc3 Nd7 27. Rxa6 Bxa6 28.
Bd4 Bb4 29. Ra1 Bb7 30. Ra7 Bc6 31. Rc7 Bxc3 32. bxc3 Bb5 33. Rc8+ Nf8 34. Bc5 1-0

[Event "European Blitz 2022"]
[Site "Katowice POL"]
[Date "2022.12.16"]
[Round "8.83"]
[White "Madan, Augustin"]
[Black "Wojdak, Jan"]
[Result "0-1"]
[WhiteTitle "IM"]
[WhiteElo "2292"]
[BlackElo "2115"]
[WhiteFideId "1210327"]
[BlackFideId "21817111"]
[EventDate "2022.12.16"]

1. d4 d5 2. c4 e6 3. Nc3 Nf6 4. Bf4 h6 5. e3 Bd6 6. Bxd6 Qxd6 7. Nf3 b6 8. cxd5
exd5 9. Bb5+ c6 10. Bd3 c5 11. dxc5 bxc5 12. Bb5+ Bd7 13. Qa4 O-O 14. O-O a6 15.
Bxd7 Nbxd7 16. Rfd1 Nb6 17. Qc2 Qe6 18. b3 Rfc8 19. Rac1 a5 20. Nb5 Ne4 21. Nd2
Nf6 22. Qb2 a4 23. b4 c4 24. Nd4 Qe5 25. N2f3 Qh5 26. a3 Ne4 27. Qe2 c3 28. Ne1
Qg6 29. Nb5 Nc4 30. Nd3 Qf6 31. f3 Ned2 32. Rxc3 Nb3 33. Nc5 Qb6 34. Nxb3 axb3
35. Nd4 b2 36. Rb1 Re8 37. Rxb2 Nxb2 38. Qxb2 Rac8 39. a4 Rb8 40. b5 Qf6 41. Qc2
Ra8 42. Kf2 Ra7 43. Qb3 Rea8 44. b6 Rxa4 45. b7 Ra2+ 46. Ne2 Rxe2+ 47. Kxe2 0-1

[Event "European Blitz 2022"]
[Site "Katowice POL"]
[Date "2022.12.16"]
[Round "8.84"]
[White "Ribeiro, Gustavo"]
[Black "Gaponenko, Inna"]
[Result "1-0"]
[BlackTitle "IM"]
[WhiteElo "1836"]
[BlackElo "2341"]
[WhiteFideId "1941852"]
[BlackFideId "14101181"]
[EventDate "2022.12.16"]

1. d4 g6 2. c4 Bg7 3. Nc3 c5 4. d5 Bxc3+ 5. bxc3 f5 6. Bg5 d6 7. Nf3 Nd7 8. Qc2
Ngf6 9. h3 Qa5 10. e3 Ne4 11. Rc1 Ne5 12. Bf4 Nf7 13. Bd3 Nf6 14. O-O Bd7 15.
Rb1 Qc7 16. Rfe1 O-O 17. Ng5 Nxg5 18. Bxg5 e5 19. dxe6 Bxe6 20. e4 fxe4 21. Bxe4
Rab8 22. Bxg6 Bxc4 23. Bd3 Bd5 24. Re3 Rbe8 25. Rg3 Kh8 26. c4 Bc6 27. Qb2 Qg7
28. Bd2 Qf7 1-0

[Event "European Blitz 2022"]
[Site "Katowice POL"]
[Date "2022.12.16"]
[Round "8.85"]
[White "Adamczewski, Maciej"]
[Black "D'Costa, Lorin"]
[Result "0-1"]
[BlackTitle "IM"]
[WhiteElo "2071"]
[BlackElo "2375"]
[WhiteFideId "1148702"]
[BlackFideId "409219"]
[EventDate "2022.12.16"]

1. d4 Nf6 2. c4 e6 3. Nc3 Bb4 4. Qc2 c5 5. Nf3 cxd4 6. Nxd4 O-O 7. a3 Bc5 8. Nb3
Be7 9. Bg5 Nc6 10. e3 b6 11. Be2 Bb7 12. Bf3 Rc8 13. O-O h6 14. Bh4 Qc7 15. Bg3
d6 16. Nb5 Qb8 17. Rfd1 Rfd8 18. Rac1 a6 19. N5d4 Nxd4 20. Nxd4 Rc5 21. Qa4 Rdc8
22. Be2 Qa8 23. b4 R5c7 24. Bf1 b5 25. cxb5 Rxc1 26. bxa6 Bxa6 27. Rxc1 Rxc1 28.
b5 Bb7 0-1

[Event "European Blitz 2022"]
[Site "Katowice POL"]
[Date "2022.12.16"]
[Round "8.86"]
[White "Budzisz, Adrian"]
[Black "Cyfka, Karina"]
[Result "0-1"]
[BlackTitle "IM"]
[WhiteElo "2118"]
[BlackElo "2348"]
[WhiteFideId "21860238"]
[BlackFideId "1122681"]
[EventDate "2022.12.16"]

1. e4 e5 2. Nf3 Nc6 3. Bc4 Nf6 4. d3 Be7 5. c3 O-O 6. O-O d5 7. exd5 Nxd5 8. Re1
Bg4 9. h3 Bh5 10. Nbd2 Nb6 11. Bb5 f6 12. Qb3+ Bf7 13. Qc2 Nb8 14. d4 Bg6 15.
Qb3+ Bf7 16. Qc2 exd4 17. Nxd4 N8d7 18. N2f3 Nd5 19. Bd3 g6 20. Bh6 Re8 21. Bc4
c6 22. Rad1 Bf8 23. Bxf8 Nxf8 24. Qb3 Qd7 25. Qc2 Rxe1+ 26. Nxe1 Re8 27. Nd3 Qd6
28. b4 Nd7 29. a3 Ne5 30. Bb3 Nxd3 31. Qxd3 Nf4 32. Bxf7+ Kxf7 33. Qf3 Qe5 34.
b5 c5 35. Nb3 Re7 36. c4 b6 37. h4 Ne2+ 38. Kh1 Nc3 39. Rd8 Ne4 40. g3 Qb2 41.
Kg2 Qc3 42. Nd2 Qxf3+ 43. Kxf3 Nc3 44. Rd3 Nd1 45. Ne4 Nb2 46. Rc3 Rd7 47. Ke3
Nd1+ 48. Ke2 Nxc3+ 0-1

[Event "European Blitz 2022"]
[Site "Katowice POL"]
[Date "2022.12.16"]
[Round "8.87"]
[White "Golek-Schild, Jagoda"]
[Black "Dragicevic, Drazen"]
[Result "1-0"]
[BlackTitle "FM"]
[WhiteElo "1986"]
[BlackElo "2345"]
[WhiteFideId "1138529"]
[BlackFideId "1707922"]
[EventDate "2022.12.16"]

1. e4 c5 2. Nf3 d6 3. c4 Nf6 4. Nc3 e5 5. g3 Be7 6. Bg2 h6 7. O-O Be6 8. d3 a6
9. a4 Nc6 10. Be3 Rb8 11. Nd5 O-O 12. b3 b5 13. axb5 axb5 14. Nd2 Ng4 15. h3
Nxe3 16. fxe3 bxc4 1-0

[Event "European Blitz 2022"]
[Site "Katowice POL"]
[Date "2022.12.16"]
[Round "8.88"]
[White "Putlak, Wojciech"]
[Black "Drazic, Sinisa"]
[Result "0-1"]
[BlackTitle "GM"]
[WhiteElo "1992"]
[BlackElo "2372"]
[WhiteFideId "1183303"]
[BlackFideId "901172"]
[EventDate "2022.12.16"]

1. Nf3 d6 2. d4 Bg4 3. e3 e6 4. Be2 Nd7 5. O-O Be7 6. c4 Ngf6 7. Nc3 O-O 8. h3
Bh5 9. b3 a5 10. Bb2 c6 11. a4 Qc7 12. Qc2 Bg6 13. Bd3 Rfc8 14. Rfe1 Nb8 15. e4
Nfd7 16. Rad1 Na6 17. Na2 Bf6 18. g3 e5 19. d5 cxd5 20. exd5 Bxd3 21. Qxd3 e4
22. Qxe4 Bxb2 23. Nd4 Nf6 24. Qf4 Bxd4 25. Rxd4 Re8 26. Rdd1 Nc5 27. Nc1 Qd7 28.
Kg2 h6 29. h4 Re7 30. Rxe7 Qxe7 31. Kf1 Re8 32. Qd2 b6 33. Kg2 Qe4+ 34. Kg1 Ng4
35. Qc3 Qe5 36. Qf3 h5 37. Nd3 Qc3 38. Kg2 g6 39. Kg1 Kg7 40. Kg2 Nxd3 41. Rxd3
Qf6 42. Qxf6+ Kxf6 43. Rf3+ Kg7 44. b4 Ne5 45. Re3 Rc8 46. c5 bxc5 47. b5 Nc4
48. Re7 Nb6 49. Ra7 Nxa4 50. Rxa5 Nc3 51. b6 Rb8 52. Ra6 Nxd5 53. b7 Rxb7 54.
Rxd6 Nb4 55. Rd8 Rc7 56. Rb8 Nc6 57. Rb1 Nd4 58. Rc1 c4 59. f4 c3 60. Kf2 c2 61.
Ke3 Nb3 0-1

[Event "European Blitz 2022"]
[Site "Katowice POL"]
[Date "2022.12.16"]
[Round "8.89"]
[White "Seemann, Jakub"]
[Black "Kopaczewski, Adam"]
[Result "0-1"]
[WhiteTitle "FM"]
[WhiteElo "2365"]
[BlackElo "2096"]
[WhiteFideId "21874697"]
[BlackFideId "1187309"]
[EventDate "2022.12.16"]

1. e4 e5 2. Nf3 Nc6 3. Bb5 a6 4. Ba4 d6 5. O-O Nf6 6. Re1 Bg4 7. h3 Bh5 8. c3
Be7 9. d3 O-O 10. Nbd2 b5 11. Bc2 Re8 12. Nf1 Bf8 13. Ng3 Bg6 14. Nh4 Nd7 15.
Nxg6 hxg6 16. d4 Qf6 17. Be3 exd4 18. cxd4 Nb6 19. b3 Nb4 20. Bb1 c5 21. a3 Nc6
22. Ne2 c4 23. Ra2 cxb3 24. Qxb3 Nc4 25. Rd1 N6a5 26. Qd3 Nxe3 27. Qxe3 Nc4 28.
Qb3 d5 29. e5 Qb6 30. Nc3 Red8 31. a4 b4 32. Nxd5 Rxd5 33. Qxc4 Rad8 34. Rad2 a5
35. Be4 R5d7 36. d5 Re7 37. e6 Rc7 38. exf7+ Kxf7 39. Qe2 Kg8 40. d6 Rc5 41.
Bd5+ Kh7 42. Qe4 Rxd5 43. Rxd5 Rd7 44. Qe6 Qc6 45. R5d4 g5 0-1

[Event "European Blitz 2022"]
[Site "Katowice POL"]
[Date "2022.12.16"]
[Round "8.90"]
[White "Sokolowski, Ryszard"]
[Black "Orzech, Dominik"]
[Result "0-1"]
[BlackTitle "IM"]
[WhiteElo "2020"]
[BlackElo "2313"]
[WhiteFideId "1103156"]
[BlackFideId "1115065"]
[EventDate "2022.12.16"]

1. d4 Nf6 2. c4 c6 3. Nc3 d5 4. e3 e6 5. Nf3 Nbd7 6. Bd3 Be7 7. O-O O-O 8. e4
dxe4 9. Nxe4 b6 10. Qe2 Bb7 11. Rd1 Qc7 12. Bg5 Rad8 13. b4 Bxb4 14. Ne5 Nxe5
15. Nxf6+ gxf6 16. Bxf6 Ng6 17. Qh5 Qf4 18. Bxd8 Rxd8 19. g3 Qf6 20. Rab1 Bc3
21. Be4 Bxd4 22. Rd2 e5 23. Kg2 Bc8 24. Rf1 c5 25. f4 exf4 26. gxf4 Nxf4+ 27.
Rxf4 Qxf4 28. Qxh7+ Kf8 29. Re2 Bg4 0-1

[Event "European Blitz 2022"]
[Site "Katowice POL"]
[Date "2022.12.16"]
[Round "8.91"]
[White "Walter, Szymon"]
[Black "Kutowski, Marcel"]
[Result "1-0"]
[WhiteTitle "FM"]
[WhiteElo "2327"]
[BlackElo "2046"]
[WhiteFideId "1172590"]
[BlackFideId "21878285"]
[EventDate "2022.12.16"]

1. e4 c5 2. Nc3 a6 3. f4 b5 4. Nf3 Bb7 5. d3 d6 6. g3 g6 7. Bg2 Bg7 8. O-O Nf6
9. h3 O-O 10. g4 b4 11. Ne2 Nfd7 12. Ng3 Nc6 13. h4 Nd4 14. h5 Nxf3+ 15. Qxf3
Rc8 16. hxg6 fxg6 17. g5 c4 18. Bh3 cxd3 19. cxd3 Rc2 20. Be6+ Kh8 21. Bb3 Qb6+
22. Be3 Bd4 23. Bxc2 Bxe3+ 24. Kg2 Rxf4 25. Qe2 Rxf1 26. Rxf1 Bxg5 27. Qg4 Qc5
28. Qxd7 Qxc2+ 29. Rf2 Qc6 30. Qd8+ 1-0

[Event "European Blitz 2022"]
[Site "Katowice POL"]
[Date "2022.12.16"]
[Round "8.92"]
[White "Kanli, Kaan"]
[Black "Baum, Jonasz"]
[Result "1-0"]
[BlackTitle "IM"]
[WhiteElo "2006"]
[BlackElo "2420"]
[WhiteFideId "6309836"]
[BlackFideId "1195360"]
[EventDate "2022.12.16"]

1. e4 e6 2. d4 d5 3. Nd2 c5 4. Ngf3 cxd4 5. exd5 Qxd5 6. Bc4 Qd6 7. O-O Nf6 8.
Nb3 Nc6 9. Nbxd4 Nxd4 10. Qxd4 Qxd4 11. Nxd4 Bd7 12. a4 Rc8 13. Bb3 Bc5 14. Be3
Ng4 15. c3 Nxe3 16. fxe3 O-O 17. Rf3 e5 18. Nc2 Bg4 19. Rg3 Be2 20. Re1 Bd3 21.
Nb4 Be4 22. Bd5 1-0